| 000 | 00453nam a2200145Ia 4500 | ||
|---|---|---|---|
| 008 | 210716s2009 xx 000 0 und d | ||
| 020 | _a9788178299280 | ||
| 041 | _aeng | ||
| 082 | _a658.4071244 BHAS | ||
| 100 | _aBhatnagar, Subhash. | ||
| 245 |
_aUnlocking E-governament potential: concepts cases and practical insights. _bConcepts cases and practical insights. |
||
| 250 | _a1 | ||
| 260 |
_aNew Delhi _bSage Publications _c2009 |
||
| 300 | _axxii,351 | ||
| 999 |
_c205918 _d205918 |
||